[Event "20th Capablanca Memorial group A"]
[Site "Havana CUB"]
[Date "1985.??.??"]
[Round "1"]
[White "Sunye Neto, Jaime"]
[Black "Garcia Martinez, Silvino"]
[Result "1/2-1/2"]
[WhiteElo "2510"]
[BlackElo "2430"]
[EventDate "1985.05.21"]
[PlyCount "24"]

1.c4 g6 2.Nc3 Bg7 3.g3 e5 4.Bg2 d6 5.e3 Nc6 6.Nge2 Nge7 7.d3 O-O 8.a3 Be6 
9.b4 Qd7 10.h3 f5 11.Bb2 g5 12.f4 gxf4 1/2-1/2

[Event "20th Capablanca Memorial group A"]
[Site "Havana CUB"]
[Date "1985.??.??"]
[Round "1"]
[White "Pinal Borges, Nelson"]
[Black "Sygulski, Artur"]
[Result "1/2-1/2"]
[WhiteElo "2405"]
[BlackElo "2445"]
[EventDate "1985.05.21"]
[PlyCount "24"]

1.e4 e5 2.Nf3 Nc6 3.Bb5 a6 4.Ba4 Nf6 5.d4 exd4 6.O-O Be7 7.e5 Ne4 8.Nxd4 
Nxd4 9.Qxd4 Nc5 10.Nc3 O-O 11.Ne4 Nxe4 12.Qxe4 d5 1/2-1/2

[Event "20th Capablanca Memorial group A"]
[Site "Havana CUB"]
[Date "1985.??.??"]
[Round "1"]
[White "Bellon Lopez, Juan Manuel"]
[Black "Klinger, Josef"]
[Result "1-0"]
[WhiteElo "2445"]
[BlackElo "2495"]
[EventDate "1985.05.21"]
[PlyCount "77"]

1.d4 Nf6 2.c4 e6 3.Nc3 c5 4.d5 exd5 5.cxd5 d6 6.Nf3 g6 7.Bf4 Bg7 8.Qa4+ 
Bd7 9.Qb3 Qc7 10.e4 O-O 11.Nd2 Nh5 12.Be3 f5 13.exf5 gxf5 14.Be2 f4 15.
Bxc5 f3 16.Bxf3 Qxc5 17.Nde4 Bxc3+ 18.bxc3 Re8 19.O-O Qc7 20.Rfe1 Rxe4 21.
Rxe4 Ng7 22.Rc4 Qb6 23.Rb4 Qd8 24.Rxb7 a5 25.Be2 Bf5 26.g4 Bg6 27.Qb6 Qxb6
28.Rxb6 Ne8 29.Bb5 Nc7 30.c4 Nxb5 31.cxb5 Nd7 32.Rxd6 Ne5 33.Rc1 Rb8 34.b6
Nf7 35.Rdc6 Kg7 36.R1c5 a4 37.f4 Be4 38.a3 Nd8 39.Rc8 1-0

[Event "20th Capablanca Memorial group A"]
[Site "Havana CUB"]
[Date "1985.??.??"]
[Round "1"]
[White "Vilela, Jose Luis"]
[Black "Rodriguez Cespedes, Amador"]
[Result "1/2-1/2"]
[WhiteElo "2415"]
[BlackElo "2505"]
[EventDate "1985.05.21"]
[PlyCount "31"]

1.d4 Nf6 2.c4 e6 3.Nf3 b6 4.Nc3 Bb7 5.a3 d5 6.cxd5 Nxd5 7.Qc2 c5 8.Bg5 Be7
9.Bxe7 Qxe7 10.Nxd5 exd5 11.g3 O-O 12.Bg2 Nd7 13.O-O Rac8 14.Rfe1 Nf6 15.
Rac1 Rfe8 16.Bh3 1/2-1/2

[Event "20th Capablanca Memorial group A"]
[Site "Havana CUB"]
[Date "1985.??.??"]
[Round "2"]
[White "Yap, Andronico"]
[Black "Sunye Neto, Jaime"]
[Result "0-1"]
[WhiteElo "2400"]
[BlackElo "2510"]
[EventDate "1985.05.21"]
[PlyCount "109"]

1.e4 c5 2.c3 g6 3.d4 Bg7 4.dxc5 Qc7 5.Be3 Na6 6.Na3 Nxc5 7.Nb5 Qc6 8.Qd5 
Ne6 9.Nxa7 Bxc3+ 10.Kd1 Bxb2 11.Nxc6 bxc6 12.Qb3 Bxa1 13.Nf3 Bg7 14.Bd3 
Nf6 15.h3 O-O 16.Ke2 Ba6 17.Bxa6 Rxa6 18.Rc1 Rfa8 19.Nd2 Rxa2 20.Rc2 Rxc2 
21.Qxc2 Bh6 22.Qb3 Bxe3 23.fxe3 Ra5 24.Qb4 Rc5 25.g4 Kg7 26.Nf3 d6 27.Qb2 
h6 28.e5 dxe5 29.Nxe5 Ng5 30.h4 Nge4 31.Nd3 Rb5 32.Qd4 Rd5 33.Qa1 c5 34.
Ne5 Rd2+ 35.Ke1 Rh2 36.Qa7 Nd5 37.Nf3 Rh3 38.Qd7 Ndc3 39.Ng1 Rxe3+ 40.Kf1 
Nf6 41.Qd2 Rg3 42.Ne2 Nfe4 43.Qf4 Rf3+ 44.Qxf3 Nd2+ 45.Kg2 Nxf3 46.Nxc3 
Nxh4+ 47.Kg3 g5 48.Ne4 c4 49.Kf2 f5 50.gxf5 Nxf5 51.Ke2 Kg6 52.Kd2 g4 53.
Kc3 g3 54.Nxg3 Nxg3 55.Kxc4 0-1

[Event "20th Capablanca Memorial group A"]
[Site "Havana CUB"]
[Date "1985.??.??"]
[Round "2"]
[White "Rodriguez Cespedes, Amador"]
[Black "Velez, Nestor"]
[Result "1/2-1/2"]
[WhiteElo "2505"]
[BlackElo "2385"]
[EventDate "1985.05.21"]
[PlyCount "68"]

1.e4 e5 2.Nf3 Nc6 3.Bb5 g6 4.c3 Bg7 5.d4 exd4 6.cxd4 a6 7.Ba4 b5 8.Bb3 d6 
9.h3 Nge7 10.O-O O-O 11.Nc3 Na5 12.Bc2 c5 13.Rb1 c4 14.d5 f5 15.Bg5 h6 16.
Bxe7 Qxe7 17.exf5 gxf5 18.Re1 Rf7 19.Qd2 Nb7 20.b4 cxb3 21.axb3 Nc5 22.b4 
Qf6 23.Re3 f4 24.Ne4 Nxe4 25.Rxe4 Qc3 26.Qxc3 Bxc3 27.Nd4 Bb7 28.Bb3 Bxd4 
29.Rxd4 Rc8 30.Re1 Rc3 31.Ba2 Rc2 32.Bb3 Rc3 33.Ba2 Rc2 34.Bb3 Rc3 1/2-1/2

[Event "20th Capablanca Memorial group A"]
[Site "Havana CUB"]
[Date "1985.??.??"]
[Round "2"]
[White "Klinger, Josef"]
[Black "Sygulski, Artur"]
[Result "0-1"]
[WhiteElo "2495"]
[BlackElo "2445"]
[EventDate "1985.05.21"]
[PlyCount "77"]

1.e4 e5 2.Nf3 Nc6 3.Bb5 a6 4.Ba4 Nf6 5.O-O Be7 6.Re1 b5 7.Bb3 d6 8.a4 Bd7 
9.c3 O-O 10.d3 Na5 11.Bc2 c5 12.Nbd2 Re8 13.Nf1 g6 14.d4 Nc6 15.Ne3 cxd4 
16.cxd4 exd4 17.Nxd4 Qb6 18.Ne2 Nb4 19.a5 Qc5 20.Bb1 Bf8 21.Nc3 Bc6 22.Nf1
d5 23.Be3 Qd6 24.exd5 Nbxd5 25.Ba2 Nxe3 26.Nxe3 Qxd1 27.Rexd1 Ra7 28.Ncd5 
Nxd5 29.Bxd5 Bd7 30.Rac1 Bb4 31.Bc6 Bxc6 32.Rxc6 Bxa5 33.Nd5 Kg7 34.b4 Rd7
35.bxa5 Rxd5 36.Rdc1 Re6 37.h3 b4 38.R6c5 Rxc5 39.Rxc5 0-1

[Event "20th Capablanca Memorial group A"]
[Site "Havana CUB"]
[Date "1985.??.??"]
[Round "2"]
[White "Garcia Martinez, Silvino"]
[Black "Vilela, Jose Luis"]
[Result "1/2-1/2"]
[WhiteElo "2430"]
[BlackElo "2415"]
[EventDate "1985.05.21"]
[PlyCount "30"]

1.e4 e6 2.d4 d5 3.Nc3 Bb4 4.e5 b6 5.Bd2 Qd7 6.a3 Bf8 7.b4 c6 8.Nf3 Ba6 9.
Bxa6 Nxa6 10.Qe2 Nc7 11.O-O Ne7 12.a4 Nf5 13.Nd1 h5 14.Ne3 Be7 15.Rab1 O-O
1/2-1/2

[Event "20th Capablanca Memorial group A"]
[Site "Havana CUB"]
[Date "1985.??.??"]
[Round "3"]
[White "Velez, Nestor"]
[Black "Garcia Martinez, Silvino"]
[Result "0-1"]
[WhiteElo "2385"]
[BlackElo "2430"]
[EventDate "1985.05.21"]
[PlyCount "66"]

1.d4 Nf6 2.Nc3 d5 3.Bg5 h6 4.Bxf6 exf6 5.e4 dxe4 6.Nxe4 Be7 7.Nf3 O-O 8.
Bd3 c6 9.O-O Be6 10.Re1 Nd7 11.Ng3 Re8 12.c4 Nb6 13.Qc2 Bg4 14.Rad1 Bxf3 
15.gxf3 Bf8 16.Be4 Qd7 17.d5 cxd5 18.c5 Na4 19.b4 Rad8 20.Rd4 a5 21.Red1 
Qb5 22.Bxd5 Rxd5 23.Rxd5 axb4 24.Ne4 Qc6 25.Qc4 Nb2 26.Qxb4 Nxd1 27.Rxd1 
f5 28.Nd6 Qxf3 29.Qb3 Qg4+ 30.Kh1 Re6 31.f3 Qf4 32.Qd3 Re3 33.Qxf5 Bxd6 
0-1

[Event "20th Capablanca Memorial group A"]
[Site "Havana CUB"]
[Date "1985.??.??"]
[Round "3"]
[White "Vilela, Jose Luis"]
[Black "Yap, Andronico"]
[Result "0-1"]
[WhiteElo "2415"]
[BlackElo "2400"]
[EventDate "1985.05.21"]
[PlyCount "86"]

1.d4 Nf6 2.c4 c5 3.d5 e6 4.Nc3 exd5 5.cxd5 d6 6.e4 g6 7.Bd3 Bg7 8.Nge2 O-O
9.O-O b6 10.Bg5 Ba6 11.Bxa6 Nxa6 12.f3 h6 13.Bh4 Qd7 14.Qd3 Nb4 15.Qd2 Nh7
16.a3 Na6 17.Qd3 Nc7 18.b4 a6 19.Rab1 Rfb8 20.Bf2 Nf6 21.Rb3 Qc8 22.Rbb1 
Nd7 23.f4 Nb5 24.Nd1 Qe8 25.a4 Nc7 26.Ndc3 cxb4 27.Rxb4 Nc5 28.Qc2 a5 29.
Rbb1 N7a6 30.Bxc5 Nxc5 31.h3 Rb7 32.Rb5 Rc8 33.Qb1 Re7 34.e5 dxe5 35.d6 
Re6 36.Rxb6 Nd7 37.Rb7 exf4 38.Nxf4 Bxc3 39.Nxe6 Qxe6 40.Qd3 Bb4 41.Qb5 
Nc5 42.d7 Nxb7 43.dxc8=Q+ Qxc8 0-1

[Event "20th Capablanca Memorial group A"]
[Site "Havana CUB"]
[Date "1985.??.??"]
[Round "3"]
[White "Pinal Borges, Nelson"]
[Black "Rodriguez Cespedes, Amador"]
[Result "1/2-1/2"]
[WhiteElo "2405"]
[BlackElo "2505"]
[EventDate "1985.05.21"]
[PlyCount "70"]

1.e4 c5 2.Nf3 d6 3.d4 cxd4 4.Qxd4 Nc6 5.Bb5 Bd7 6.Bxc6 Bxc6 7.Nc3 Nf6 8.
Bg5 e6 9.O-O-O Be7 10.Rhe1 O-O 11.Kb1 Rc8 12.Qxa7 Nxe4 13.Nxe4 Bxe4 14.
Rxe4 Bxg5 15.Rb4 Bf6 16.Rxb7 Rc4 17.c3 d5 18.a3 Qd6 19.Rb4 Rc7 20.Qb6 Rc6 
21.Qb5 Rfc8 22.g3 h6 23.h4 Qc7 24.Ne1 Rc5 25.Qe2 Be7 26.f4 Qd7 27.h5 R5c7 
28.Rb3 Rc4 29.Qc2 Bf6 30.Rb4 R4c7 31.Qa4 Qd8 32.Qb3 Qd6 33.Rb7 Qd8 34.Qb6 
Re7 35.Qb3 Qd6 1/2-1/2

[Event "20th Capablanca Memorial group A"]
[Site "Havana CUB"]
[Date "1985.??.??"]
[Round "3"]
[White "Palatnik, Semen"]
[Black "Klinger, Josef"]
[Result "1-0"]
[WhiteElo "2455"]
[BlackElo "2495"]
[EventDate "1985.05.21"]
[PlyCount "99"]

1.c4 c5 2.Nf3 e6 3.Nc3 Nc6 4.g3 Nf6 5.Bg2 d5 6.cxd5 exd5 7.d4 Be7 8.O-O 
O-O 9.dxc5 Bxc5 10.Bg5 d4 11.Ne4 Be7 12.Bxf6 Bxf6 13.Qd2 Be7 14.Rfd1 Bg4 
15.Qf4 Bxf3 16.Qxf3 Qb6 17.Qb3 Qxb3 18.axb3 Rac8 19.Nd2 Bc5 20.Rdc1 Bb6 
21.Nc4 Na5 22.Nxb6 axb6 23.b4 Nb3 24.Rxc8 Rxc8 25.Ra3 Nc1 26.Bxb7 Re8 27.
Bc6 Rd8 28.Bb5 Rc8 29.Kf1 g6 30.Ke1 Kg7 31.Kd2 Kf6 32.Ba4 Ke5 33.Ra1 Ra8 
34.Kxc1 b5 35.b3 Kd5 36.Kd2 f5 37.Kd3 Ke5 38.h4 h6 39.Rc1 bxa4 40.Rc5+ Kd6
41.bxa4 Rxa4 42.Rc4 Ke5 43.f4+ Ke6 44.Kxd4 Ra2 45.Rc6+ Kf7 46.b5 Rxe2 47.
b6 Rb2 48.Ke5 Re2+ 49.Kd6 Re6+ 50.Kc7 1-0

[Event "20th Capablanca Memorial group A"]
[Site "Havana CUB"]
[Date "1985.??.??"]
[Round "4"]
[White "Rodriguez Cespedes, Amador"]
[Black "Sygulski, Artur"]
[Result "1/2-1/2"]
[WhiteElo "2505"]
[BlackElo "2445"]
[EventDate "1985.05.21"]
[PlyCount "82"]

1.d4 Nf6 2.c4 d6 3.Nf3 g6 4.Nc3 Bg7 5.g3 O-O 6.Bg2 c6 7.O-O a6 8.e4 b5 9.
e5 dxe5 10.Nxe5 bxc4 11.Nxc4 Be6 12.b3 Bd5 13.Nxd5 cxd5 14.Ne5 Ra7 15.Bf4 
Nfd7 16.Rc1 Nxe5 17.dxe5 e6 18.Be3 Rc7 19.Bc5 Re8 20.Qe2 Qc8 21.Ba3 Bf8 
22.Rxc7 Qxc7 23.Rc1 Qb7 24.Bxf8 Rxf8 25.Qc2 Nd7 26.f4 Qb6+ 27.Qf2 Qb7 28.
Qc2 Qb6+ 29.Qf2 Qb7 30.Bf1 Ra8 31.Qc2 Qb6+ 32.Qf2 Qb7 33.Qc2 Qb6+ 34.Kg2 
Ra7 35.Qf2 Qb7 36.Qd4 a5 37.Bb5 Ra8 38.Bc6 Qc7 39.Bxd5 Qxc1 40.Bxa8 Nc5 
41.Kh3 Qf1+ 1/2-1/2

[Event "20th Capablanca Memorial group A"]
[Site "Havana CUB"]
[Date "1985.??.??"]
[Round "4"]
[White "Bellon Lopez, Juan Manuel"]
[Black "Sunye Neto, Jaime"]
[Result "1-0"]
[WhiteElo "2445"]
[BlackElo "2510"]
[EventDate "1985.05.21"]
[PlyCount "79"]

1.d4 Nf6 2.c4 e6 3.Nf3 b6 4.Nc3 Bb4 5.Qc2 Bb7 6.Bg5 h6 7.Bh4 g5 8.Bg3 Ne4 
9.Be5 f6 10.d5 fxe5 11.Qxe4 Qf6 12.h4 gxh4 13.Nxe5 d6 14.Qg6+ Ke7 15.Qxf6+
Kxf6 16.Ng4+ Kg5 17.Ne3 Bxc3+ 18.bxc3 e5 19.g3 hxg3 20.Rg1 Na6 21.Rxg3+ 
Kf6 22.Rf3+ Ke7 23.Nf5+ Kd8 24.Bh3 Nc5 25.Rg3 Ne4 26.Rg7 Bc8 27.Bg4 Nf6 
28.f3 h5 29.Bh3 h4 30.Bg4 Nxg4 31.fxg4 Ba6 32.e4 Bxc4 33.Kd2 h3 34.g5 h2 
35.g6 Kc8 36.Rh1 Bb5 37.Rf7 Kb7 38.Nxd6+ Ka6 39.Nxb5 Kxb5 40.g7 1-0

[Event "20th Capablanca Memorial group A"]
[Site "Havana CUB"]
[Date "1985.??.??"]
[Round "4"]
[White "Garcia Martinez, Silvino"]
[Black "Pinal Borges, Nelson"]
[Result "1-0"]
[WhiteElo "2430"]
[BlackElo "2405"]
[EventDate "1985.05.21"]
[PlyCount "69"]

1.e4 c5 2.Nf3 e6 3.d4 cxd4 4.Nxd4 Nf6 5.Nc3 d6 6.f4 Nc6 7.Be3 e5 8.Nf3 Ng4
9.Qd2 Nxe3 10.Qxe3 exf4 11.Qxf4 Be7 12.O-O-O O-O 13.Nd5 Be6 14.Kb1 Rc8 15.
Bc4 Bxd5 16.exd5 Ne5 17.Nxe5 dxe5 18.Qf1 Qb6 19.Qe2 a5 20.Bb3 Bd6 21.g4 
Qc5 22.a4 Rc7 23.Rhf1 b5 24.Qxb5 Qa7 25.Qe2 Rb8 26.h4 Rb4 27.h5 Qb6 28.g5 
Rb7 29.g6 hxg6 30.hxg6 fxg6 31.Qg2 Rxb3 32.cxb3 Qxb3 33.Rd2 Bb4 34.Rc2 Qd3
35.Rf3 1-0

[Event "20th Capablanca Memorial group A"]
[Site "Havana CUB"]
[Date "1985.??.??"]
[Round "5"]
[White "Vera Gonzalez, Reynaldo"]
[Black "Rodriguez Cespedes, Amador"]
[Result "1/2-1/2"]
[WhiteElo "2480"]
[BlackElo "2505"]
[EventDate "1985.05.21"]
[PlyCount "31"]

1.d4 Nf6 2.c4 e6 3.Nc3 d5 4.Bg5 Be7 5.e3 h6 6.Bh4 O-O 7.Nf3 b6 8.Bd3 Bb7 
9.O-O Nbd7 10.Qe2 dxc4 11.Bxc4 Ne4 12.Bxe7 Qxe7 13.Rac1 c5 14.Nxe4 Bxe4 
15.dxc5 bxc5 16.Rfd1 1/2-1/2

[Event "20th Capablanca Memorial group A"]
[Site "Havana CUB"]
[Date "1985.??.??"]
[Round "5"]
[White "Sygulski, Artur"]
[Black "Garcia Martinez, Silvino"]
[Result "1/2-1/2"]
[WhiteElo "2445"]
[BlackElo "2430"]
[EventDate "1985.05.21"]
[PlyCount "20"]

1.d4 Nf6 2.c4 e6 3.g3 c5 4.Nf3 cxd4 5.Nxd4 d5 6.Bg2 e5 7.Nf3 d4 8.O-O Nc6 
9.e3 Be7 10.exd4 exd4 1/2-1/2

[Event "20th Capablanca Memorial group A"]
[Site "Havana CUB"]
[Date "1985.??.??"]
[Round "5"]
[White "Ivkov, Borislav"]
[Black "Klinger, Josef"]
[Result "1-0"]
[WhiteElo "2510"]
[BlackElo "2495"]
[EventDate "1985.05.21"]
[PlyCount "75"]

1.Nf3 c5 2.c4 e6 3.e3 Nc6 4.b3 Nf6 5.Bb2 Be7 6.Be2 d5 7.cxd5 exd5 8.d4 
cxd4 9.Nxd4 O-O 10.O-O Ne4 11.Nd2 Nxd4 12.Bxd4 Bf6 13.Nf3 Nc3 14.Qd2 Nxe2+
15.Qxe2 Bf5 16.Bxf6 Qxf6 17.Nd4 Be4 18.Qg4 Rae8 19.Rfc1 g6 20.Rc7 Re5 21.
f3 Bd3 22.Qf4 Rf5 23.Qg3 Re5 24.Re1 Rfe8 25.Qf2 Qb6 26.Rcc1 Qb4 27.Rcd1 
Ba6 28.h3 Qc3 29.Rc1 Qd3 30.Nc2 Qc3 31.Red1 Rc8 32.Nb4 Qxc1 33.Rxc1 Rxc1+ 
34.Kh2 Rc3 35.Qb2 Rcxe3 36.Qd4 Bb5 37.Nxd5 h5 38.Nxe3 1-0

[Event "20th Capablanca Memorial group A"]
[Site "Havana CUB"]
[Date "1985.??.??"]
[Round "6"]
[White "Bellon Lopez, Juan Manuel"]
[Black "Velez, Nestor"]
[Result "1-0"]
[WhiteElo "2445"]
[BlackElo "2385"]
[EventDate "1985.05.21"]
[PlyCount "57"]

1.d4 g6 2.Bf4 Bg7 3.e3 d6 4.Nf3 Nd7 5.h3 e5 6.Bh2 Ne7 7.Be2 O-O 8.O-O Nc6 
9.c3 a5 10.Na3 Qe7 11.Nb5 Nb6 12.c4 Bf5 13.Rc1 Rfe8 14.Re1 Nb4 15.a3 Na6 
16.Bg3 Rad8 17.Qd2 e4 18.Nh2 a4 19.Qa5 h5 20.Nf1 Bc8 21.Nd2 Nb8 22.c5 Nc6 
23.cxd6 Qg5 24.Rxc6 bxc6 25.Bf4 Qf5 26.g4 hxg4 27.hxg4 Qd7 28.dxc7 cxb5 
29.Qxb6 1-0

[Event "20th Capablanca Memorial group A"]
[Site "Havana CUB"]
[Date "1985.??.??"]
[Round "6"]
[White "Klinger, Josef"]
[Black "Rodriguez Cespedes, Amador"]
[Result "1/2-1/2"]
[WhiteElo "2495"]
[BlackElo "2505"]
[EventDate "1985.05.21"]
[PlyCount "44"]

1.e4 c6 2.d4 d5 3.Nc3 dxe4 4.Nxe4 Bf5 5.Nc5 Qb6 6.Nf3 e6 7.Nb3 Nf6 8.Bd3 
Bxd3 9.Qxd3 Nbd7 10.O-O Qc7 11.c4 Bd6 12.Bd2 O-O 13.Bc3 Rfe8 14.Rae1 e5 
15.dxe5 Nxe5 16.Nxe5 Bxe5 17.Bxe5 Rxe5 18.Qd4 Rae8 19.Rxe5 Qxe5 20.Qxe5 
Rxe5 21.Rd1 Kf8 22.Kf1 Ke7 1/2-1/2

[Event "20th Capablanca Memorial group A"]
[Site "Havana CUB"]
[Date "1985.??.??"]
[Round "6"]
[White "Garcia Martinez, Silvino"]
[Black "Vera Gonzalez, Reynaldo"]
[Result "1/2-1/2"]
[WhiteElo "2430"]
[BlackElo "2480"]
[EventDate "1985.05.21"]
[PlyCount "22"]

1.e4 e6 2.d4 d5 3.Nd2 c5 4.exd5 exd5 5.Ngf3 Nc6 6.Bb5 Bd6 7.dxc5 Bxc5 8.
O-O Ne7 9.Nb3 Bb6 10.Be3 Bxe3 11.fxe3 O-O 1/2-1/2

[Event "20th Capablanca Memorial group A"]
[Site "Havana CUB"]
[Date "1985.??.??"]
[Round "6"]
[White "Yap, Andronico"]
[Black "Sygulski, Artur"]
[Result "1/2-1/2"]
[WhiteElo "2400"]
[BlackElo "2445"]
[EventDate "1985.05.21"]
[PlyCount "80"]

1.d4 d5 2.Nc3 c6 3.Nf3 Nf6 4.Qd3 g6 5.e4 dxe4 6.Nxe4 Nxe4 7.Qxe4 Qd5 8.Bd3
Qxe4+ 9.Bxe4 Nd7 10.O-O Bg7 11.Re1 O-O 12.Bf4 Nf6 13.Bd3 e6 14.c4 Rd8 15.
Rad1 Bd7 16.h3 Be8 17.Bf1 Nd7 18.b3 a5 19.g4 a4 20.b4 a3 21.Rb1 Bf8 22.g5 
b6 23.b5 c5 24.Rbd1 cxd4 25.Nxd4 e5 26.Bxe5 Nxe5 27.Rxe5 Bc5 28.Rd5 Rxd5 
29.cxd5 Ra4 30.Nc6 Rf4 31.Rd2 Bd6 32.Rd4 Rxd4 33.Nxd4 f6 34.h4 fxg5 35.
hxg5 Bd7 36.Bc4 Kf8 37.Kg2 Bf4 38.Ne6+ Bxe6 39.dxe6 Bd6 40.Kf3 Ke7 1/2-1/2

[Event "20th Capablanca Memorial group A"]
[Site "Havana CUB"]
[Date "1985.??.??"]
[Round "6"]
[White "Ivkov, Borislav"]
[Black "Sunye Neto, Jaime"]
[Result "1/2-1/2"]
[WhiteElo "2510"]
[BlackElo "2510"]
[EventDate "1985.05.21"]
[PlyCount "25"]

1.Nf3 Nf6 2.c4 e6 3.g3 d5 4.Bg2 dxc4 5.Qa4+ Nbd7 6.O-O a6 7.Qxc4 Be7 8.Qc2
O-O 9.b3 c5 10.Bb2 Ra7 11.d4 b5 12.Nbd2 Rc7 13.Rac1 1/2-1/2

[Event "20th Capablanca Memorial group A"]
[Site "Havana CUB"]
[Date "1985.??.??"]
[Round "7"]
[White "Rodriguez Cespedes, Amador"]
[Black "Garcia Martinez, Silvino"]
[Result "1/2-1/2"]
[WhiteElo "2505"]
[BlackElo "2430"]
[EventDate "1985.05.21"]
[PlyCount "82"]

1.e4 c5 2.Nf3 d6 3.c3 Nf6 4.h3 g6 5.Bd3 Bg7 6.Bc2 O-O 7.d4 cxd4 8.cxd4 Nc6
9.O-O Nb4 10.Bb3 d5 11.e5 Ne4 12.Nc3 Bf5 13.Ne2 f6 14.a3 Nc6 15.Nf4 fxe5 
16.dxe5 Nc5 17.Qxd5+ Qxd5 18.Bxd5+ e6 19.Ba2 Nxe5 20.Nd4 Rae8 21.Be3 Ned3 
22.Nxd3 Nxd3 23.Rfd1 Nxb2 24.Rd2 Na4 25.Rc1 h5 26.Nxf5 gxf5 27.Rd6 Nc3 28.
Bc4 b5 29.Bf1 Rf7 30.Rc6 Nd5 31.Bd2 Bb2 32.R1c2 Bxa3 33.Bxb5 Nb4 34.Rc8 
Nxc2 35.Rxe8+ Rf8 36.Rxe6 Nd4 37.Re5 Nxb5 38.Rxb5 Rf7 39.Be3 Bd6 40.Rd5 
Bb4 41.Rd8+ Kh7 1/2-1/2

[Event "20th Capablanca Memorial group A"]
[Site "Havana CUB"]
[Date "1985.??.??"]
[Round "7"]
[White "Vilela, Jose Luis"]
[Black "Ivkov, Borislav"]
[Result "0-1"]
[WhiteElo "2415"]
[BlackElo "2510"]
[EventDate "1985.05.21"]
[PlyCount "104"]

1.Nf3 c5 2.c4 g6 3.d4 cxd4 4.Nxd4 Bg7 5.e4 Nc6 6.Be3 Nf6 7.Nc3 d6 8.Be2 
O-O 9.O-O Bd7 10.Qd2 Nxd4 11.Bxd4 Bc6 12.f3 a5 13.b3 Nd7 14.Be3 Nc5 15.
Rac1 Qb6 16.Rc2 Rfc8 17.Rb1 Qd8 18.Rcc1 Be5 19.Bd1 e6 20.a3 Qh4 21.g3 Qe7 
22.b4 axb4 23.axb4 Na4 24.Nxa4 Bxa4 25.Be2 Be8 26.Rb3 Ra4 27.Rc2 Ra1+ 28.
Kg2 Ba4 29.Rbb2 Bxc2 30.Rxc2 Rca8 31.f4 Bg7 32.c5 dxc5 33.bxc5 Qd8 34.
Qxd8+ Rxd8 35.e5 Rda8 36.Bf3 R1a2 37.Rxa2 Rxa2+ 38.Kg1 Rb2 39.c6 bxc6 40.
Bxc6 g5 41.fxg5 Bxe5 42.Bf2 Bc7 43.h4 Bb6 44.Bxb6 Rxb6 45.Bf3 Rb2 46.Kf1 
Kg7 47.Be2 f6 48.gxf6+ Kxf6 49.Kf2 Kf5 50.Kf3 Rb3+ 51.Kg2 e5 52.Bc4 Rb2+ 
0-1

[Event "20th Capablanca Memorial group A"]
[Site "Havana CUB"]
[Date "1985.??.??"]
[Round "7"]
[White "Vera Gonzalez, Reynaldo"]
[Black "Yap, Andronico"]
[Result "1/2-1/2"]
[WhiteElo "2480"]
[BlackElo "2400"]
[EventDate "1985.05.21"]
[PlyCount "45"]

1.d4 Nf6 2.Nf3 c5 3.d5 e6 4.Nc3 exd5 5.Nxd5 Nxd5 6.Qxd5 Nc6 7.e4 Be7 8.Bc4
O-O 9.O-O d6 10.c3 Na5 11.Be2 Be6 12.Qd1 d5 13.exd5 Qxd5 14.Qxd5 Bxd5 15.
Rd1 Rad8 16.Bf4 Bc4 17.Bf1 Bxf1 18.Kxf1 Rxd1+ 19.Rxd1 Rd8 20.Re1 Nc6 21.
Ne5 Nxe5 22.Rxe5 Kf8 23.Re1 1/2-1/2

[Event "20th Capablanca Memorial group A"]
[Site "Havana CUB"]
[Date "1985.??.??"]
[Round "7"]
[White "Sunye Neto, Jaime"]
[Black "Klinger, Josef"]
[Result "1-0"]
[WhiteElo "2510"]
[BlackElo "2495"]
[EventDate "1985.05.21"]
[PlyCount "59"]

1.c4 c5 2.Nf3 e6 3.g3 Nc6 4.Bg2 Nf6 5.O-O d5 6.b3 Be7 7.e3 O-O 8.Bb2 Ne4 
9.d3 Bf6 10.Qe2 Bxb2 11.Qxb2 Qf6 12.Qxf6 Nxf6 13.Nc3 d4 14.Na4 Nd7 15.exd4
cxd4 16.a3 a5 17.Ne1 Rb8 18.Nc2 e5 19.f4 Rd8 20.b4 exf4 21.Rxf4 axb4 22.
axb4 Nde5 23.b5 Ne7 24.Rxd4 Bf5 25.Rxd8+ Rxd8 26.Nb4 Nxd3 27.Rd1 Rd7 28.
Nxd3 Rxd3 29.Rxd3 Bxd3 30.Nb2 1-0

[Event "20th Capablanca Memorial group A"]
[Site "Havana CUB"]
[Date "1985.??.??"]
[Round "7"]
[White "Velez, Nestor"]
[Black "Palatnik, Semen"]
[Result "0-1"]
[WhiteElo "2385"]
[BlackElo "2455"]
[EventDate "1985.05.21"]
[PlyCount "68"]

1.e4 c5 2.Nf3 Nf6 3.Nc3 d6 4.d4 cxd4 5.Nxd4 a6 6.a4 Nc6 7.Nxc6 bxc6 8.Bc4 
e6 9.O-O d5 10.Bd3 Be7 11.a5 O-O 12.Ra4 Nd7 13.exd5 cxd5 14.Be3 g6 15.b4 
Ne5 16.Bb6 Qd7 17.Be2 Qc6 18.Qd4 Nd7 19.b5 axb5 20.Bxb5 Qb7 21.Bxd7 Bxd7 
22.Raa1 Rfc8 23.Rfb1 Qc6 24.Rb3 Bf8 25.Qd3 Bg7 26.Raa3 Qc4 27.g3 d4 28.
Qxc4 Rxc4 29.Ne2 e5 30.Rb2 Ba4 31.c3 d3 32.Nc1 e4 33.Rb4 Rxb4 34.cxb4 d2 
0-1

[Event "20th Capablanca Memorial group A"]
[Site "Havana CUB"]
[Date "1985.??.??"]
[Round "8"]
[White "Bellon Lopez, Juan Manuel"]
[Black "Sygulski, Artur"]
[Result "1/2-1/2"]
[WhiteElo "2445"]
[BlackElo "2445"]
[EventDate "1985.05.21"]
[PlyCount "65"]

1.e4 d5 2.Nc3 dxe4 3.Nxe4 g6 4.Bc4 Bg7 5.Nf3 Nc6 6.c3 Na5 7.Bb5+ c6 8.Be2 
Qd5 9.d3 b6 10.O-O Nf6 11.Nd4 Bd7 12.b4 Nb7 13.b5 Na5 14.Ba3 Nxe4 15.dxe4 
Qe5 16.f4 Qc7 17.bxc6 Bxc6 18.e5 Rd8 19.Qb1 O-O 20.Nxc6 Nxc6 21.Bb5 Na5 
22.Qb4 Rd2 23.Rfd1 Qd8 24.Ba4 Qd3 25.Rxd2 Qxd2 26.Qd4 Qxd4+ 27.cxd4 Rd8 
28.Rd1 e6 29.Bb4 Bf8 30.Bxa5 bxa5 31.Kf2 Rc8 32.Ke3 Rc3+ 33.Rd3 1/2-1/2

[Event "20th Capablanca Memorial group A"]
[Site "Havana CUB"]
[Date "1985.??.??"]
[Round "8"]
[White "Palatnik, Semen"]
[Black "Pinal Borges, Nelson"]
[Result "1-0"]
[WhiteElo "2455"]
[BlackElo "2405"]
[EventDate "1985.05.21"]
[PlyCount "125"]

1.d4 d5 2.c4 e6 3.Nf3 Nf6 4.g3 c5 5.cxd5 exd5 6.Bg2 Nc6 7.O-O Be7 8.Nc3 
O-O 9.dxc5 Bxc5 10.Bg5 Be6 11.Bxf6 Qxf6 12.Nxd5 Qxb2 13.Nc7 Rad8 14.Qc1 
Qxc1 15.Raxc1 Bb6 16.Nxe6 fxe6 17.Bh3 Rf6 18.Ng5 Nd4 19.Kg2 h6 20.Ne4 Rf7 
21.Rfd1 Rfd7 22.Nc5 Bxc5 23.Rxc5 Kf7 24.Bg4 Kf6 25.Rb1 b6 26.Rc4 Nf5 27.e4
Rd4 28.Rxd4 Rxd4 29.Re1 Ne7 30.e5+ Kf7 31.Bh5+ g6 32.Bd1 Nc6 33.Bb3 Na5 
34.Rc1 Nxb3 35.Rc7+ Kf8 36.axb3 a5 37.Rc6 Rb4 38.Rxe6 Kg7 39.Re7+ Kf8 40.
Re6 Kg7 41.f4 Rxb3 42.Kh3 a4 43.Re7+ Kg8 44.Ra7 a3 45.Kg4 b5 46.h4 b4 47.
h5 gxh5+ 48.Kxh5 Rxg3 49.Kxh6 Rf3 50.Kg5 Rf2 51.e6 a2 52.f5 b3 53.Ra8+ Kh7
54.Ra7+ Kg8 55.Ra8+ Kh7 56.Ra7+ Kg8 57.f6 Rg2+ 58.Kh4 b2 59.f7+ Kg7 60.Ra8
Rf2 61.e7 Rf4+ 62.Kg5 Rf5+ 63.Kg4 1-0

[Event "20th Capablanca Memorial group A"]
[Site "Havana CUB"]
[Date "1985.??.??"]
[Round "8"]
[White "Sunye Neto, Jaime"]
[Black "Vilela, Jose Luis"]
[Result "1-0"]
[WhiteElo "2510"]
[BlackElo "2415"]
[EventDate "1985.05.21"]
[PlyCount "85"]

1.c4 c5 2.Nc3 g6 3.g3 Bg7 4.Bg2 Nc6 5.a3 e6 6.e4 Nge7 7.Nge2 O-O 8.O-O d6 
9.Rb1 a5 10.d3 e5 11.Nb5 Na7 12.Nxa7 Rxa7 13.Nc3 Nc6 14.Be3 Be6 15.Qd2 Qd7
16.f4 exf4 17.gxf4 Nd4 18.Bxd4 Bxd4+ 19.Kh1 Bg7 20.f5 gxf5 21.exf5 Bxf5 
22.Nd5 Bg6 23.Rbe1 b6 24.Qg5 Re8 25.Bh3 Rxe1 26.Bxd7 Rxf1+ 27.Kg2 Rxd7 28.
Kxf1 Bxd3+ 29.Ke1 Kf8 30.Kd2 Bxc4 31.Nxb6 Be6 32.Nxd7+ Bxd7 33.Qd8+ Be8 
34.Qxd6+ Kg8 35.Qe7 Ba4 36.Qd8+ Bf8 37.Qxa5 Bb3 38.Qa8 Kg7 39.Qg2+ Kh8 40.
Qf3 Be6 41.a4 f5 42.a5 Bh6+ 43.Kc2 1-0

[Event "20th Capablanca Memorial group A"]
[Site "Havana CUB"]
[Date "1985.??.??"]
[Round "8"]
[White "Klinger, Josef"]
[Black "Garcia Martinez, Silvino"]
[Result "1/2-1/2"]
[WhiteElo "2495"]
[BlackElo "2430"]
[EventDate "1985.05.21"]
[PlyCount "80"]

1.e4 c6 2.d4 d5 3.e5 Bf5 4.Nc3 e6 5.g4 Bg6 6.Nge2 c5 7.Be3 Nc6 8.dxc5 Qh4 
9.Nb5 Nxe5 10.Ng3 Rc8 11.Nxa7 Rxc5 12.c3 Nf6 13.Qa4+ Nfd7 14.O-O-O Bd6 15.
Be2 O-O 16.Nb5 Bb8 17.Bxc5 Nxc5 18.Qd4 Nc4 19.Bxc4 Qg5+ 20.Rd2 dxc4 21.h4 
Nd3+ 22.Qxd3 Qxb5 23.Qd7 Qa5 24.h5 Bd3 25.Rxd3 cxd3 26.Qxd3 Qxa2 27.Rd1 
Qa1+ 28.Kc2 Qa4+ 29.Kb1 Bxg3 30.fxg3 Qxg4 31.h6 gxh6 32.b4 Rc8 33.Kb2 Rc4 
34.Rf1 Kg7 35.Kb3 Rc7 36.Rf4 Qg5 37.c4 f5 38.Qd6 Rf7 39.Rd4 Qe3+ 40.Rd3 
Qe4 1/2-1/2